Apomixts, evolution, mechanism molecular perspectives (Record no. 1238177)

MARC details
000 -LEADER
fixed length control field 00638nam a2200217Ia 4500
005 - DATE AND TIME OF LATEST TRANSACTION
control field 20250117110412.0
008 - FIXED-LENGTH DATA ELEMENTS--GENERAL INFORMATION
fixed length control field 008 250114s9999 xx 000 0 eng d
020 ## - INTERNATIONAL STANDARD BOOK NUMBER
International Standard Book Number 9781647404246
037 ## - SOURCE OF ACQUISITION
Stock number Textbook
040 ## - CATALOGING SOURCE
Original cataloging agency CSL
Language of cataloging eng
Transcribing agency CSL
041 ## - LANGUAGE CODE
Language code of text/sound track or separate title eng
Source of code eng
084 ## - COLON CLASSIFICATION NUMBER
Classification number I:6 R3 Carb
Assigning agency CSL
100 ## - MAIN ENTRY--PERSONAL NAME
Personal name Gibson, Lucca
9 (RLIN) 732157
245 #0 - TITLE STATEMENT
Title Apomixts, evolution, mechanism molecular perspectives
Statement of responsibility, etc. Gibson, Lucca
260 ## - PUBLICATION, DISTRIBUTION, ETC.
Place of publication, distribution, etc. New York
Name of publisher, distributor, etc. Syrawood Publishing House
Date of publication, distribution, etc. 2023
300 ## - PHYSICAL DESCRIPTION
Extent vi, 242p. ill.
650 ## - SUBJECT ADDED ENTRY--TOPICAL TERM
Topical term or geographic name entry element Plant
9 (RLIN) 431280
650 ## - SUBJECT ADDED ENTRY--TOPICAL TERM
Topical term or geographic name entry element Botany
942 ## - ADDED ENTRY ELEMENTS (KOHA)
Koha item type Textbook
Classification part I:6 R3 Carb
Holdings
Withdrawn status Lost status Source of classification or shelving scheme Damaged status Not for loan Home library Current library Shelving location Date acquired Source of acquisition Inventory number Total Checkouts Full call number Barcode Date last seen Price effective from Koha item type
    Colon Classification (CC)     Central Science Library Department of Botany Library   2025-01-17 Prashant Book Agency 857, 06/02/2024   I:6 R3 Carb BD0006178 2025-01-17 2025-01-17 Textbook
Copyright @ Delhi University Library System